Traité des Lois

Պահպանված է:
Մատենագիտական մանրամասներ
Հիմնական հեղինակ: Cicerón, Marco Tulio (autor)
Ձևաչափ: Գիրք
Լեզու:ֆրանսերեն
Հրապարակվել է: París Les Belles Lettres 1959
Շարք:Collection des Universités de France
Խորագրեր:
Ցուցիչներ: Ավելացրեք ցուցիչ
Չկան պիտակներ, Եղեք առաջինը, ով նշում է այս գրառումը!

MARC

LEADER 00000nam a2200000 a 4500
001 UCZ2949
003 CL-VaPUC
008 951013e19590000FR |||||||||||||||||fre|d
082 0 4 |a 186  |b CIC  |2 21 
100 |a Cicerón, Marco Tulio  |e autor  |9 255203 
245 1 0 |a Traité des Lois 
300 |a 130 p 
942 |c BK 
945 |d 19951013 00:00:00  |a cmena 
260 |a París  |b Les Belles Lettres  |c 1959 
650 7 |a LEGISLACION  |2 CL-VaPUC  |9 346777 
650 7 |a DERECHO  |2 CL-VaPUC  |9 346778 
650 7 |a FILOSOFIA POLITICA  |2 CL-VaPUC  |9 346779 
650 7 |a TEORIA POLITICA  |2 CL-VaPUC  |9 346780 
650 0 |a Ciencias Políticas  |9 255201 
583 |a last modification  |c 19951013 00:00:00  |k Rodrigo Vera 
490 0 |a Collection des Universités de France 
999 |c 239480  |d 239478 
952 |0 0  |1 0  |4 0  |6 186_000000000000000_CIC_1959  |7 0  |8 P  |9 250655  |a BIBEDU  |b BIBEDU  |c BIBEDU_PB  |d 2019-11-18  |i 1570307  |o 186 CIC 1959  |p 1570307  |r 2024-01-25  |w 2019-11-18  |y BK  |k FIL 
952 |0 0  |1 0  |4 0  |6 186_000000000000000_CIC_1959  |7 0  |8 X  |9 250656  |a BIBART  |b BIBART  |d 2019-11-18  |i 120579K  |o 186 CIC 1959  |p 120579K  |r 2025-03-13  |w 2019-11-18  |y BK_X  |k ART